000
00296nam a2200121Ia 4500
008
190216s9999||||xx |||||||||||||| ||und||
100
_a
Nijjar G S
245
0
_a
Fruit Breeding In India
260
_b
Oxford And Ibh Publishing Co. Pvt Ltd
_c
1977
300
_a
218p
650
_a
Botany
942
_c
BK
999
_c
1287
_d
1287